[Event "Titled Tuesday intern op 15 Mar Late"]
[Site "Chess.com INT"]
[Date "2022.03.15"]
[Round "4"]
[White "Araujo Filho, Luiz Antonio"]
[Black "Zotova, Anastasia"]
[Result "1-0"]
[WhiteElo "2089"]
[BlackElo "1982"]
[PlyCount "133"]
[EventDate "2022.03.15"]
[EventType "swiss (blitz)"]
[EventRounds "11"]
[EventCountry "USA"]
[SourceTitle "CBM 207 Extra"]
[Source "ChessBase"]
[SourceDate "2022.05.31"]
[SourceVersion "1"]
[SourceVersionDate "2022.05.31"]
[SourceQuality "1"]

1. d4 d5 2. Nf3 Nf6 3. e3 e6 4. Bd3 c5 5. c3 Bd6 6. Nbd2 Nbd7 7. Qe2 b6 8. e4 dxe4 9. Nxe4 Nxe4 10. Bxe4 Rb8 11. 0-0 Nf6 12. Bg5 Bb7 13. Bxb7 Rxb7 14. dxc5 Bxc5 15. Rad1 Qe7 16. Qb5+ Kf8 17. Ne5 h6 18. Nd7+ Kg8 19. Nxc5 bxc5 20. Bxf6 gxf6 21. Qc6 Kh7 22. Rd3 Rb6 23. Qd7 Re8 24. b3 Rb7 25. Qc6 Rb6 26. Qe4+ f5 27. Qf4 Rg8 28. Rfd1 Qf6 29. Rd7 e5 30. Qc4 Re6 31. Qxc5 Qg5 32. g3 f4 33. Rxf7+ Kh8 34. Rdd7 Qg6 35. Rh7+ Qxh7 36. Rxh7+ Kxh7 37. Kf1 fxg3 38. hxg3 Rg7 39. Ke2 Rf7 40. f3 h5 41. Qd5 Ref6 42. Qe4+ Kh6 43. c4 Rf5 44. c5 h4 45. gxh4 Rf4 46. Qxe5 Rxf3 47. Qe6+ R3f6 48. Qe3+ Kh7 49. b4 Rc6 50. Qe4+ Rg6 51. c6 Rff6 52. b5 Re6 53. Kd3 Rxe4 54. Kxe4 Rg7 55. Kd5 Kg6 56. Kd6 Kf6 57. c7 Rg8 58. Kd7 Rg7+ 59. Kd8 Rg8+ 60. Kd7 Rg7+ 61. Kd6 Rg8 62. a4 Kf5 63. a5 Ke4 64. b6 Rg6+ 65. Kd7 Rg7+ 66. Kc6 Rg6+ 67. Kb7 1-0

[Event "Titled Tuesday intern op 01st Feb-A"]
[Site "Chess.com INT"]
[Date "2022.02.01"]
[Round "6"]
[White "Zotova, Anastasia"]
[Black "Osmak, Iulija"]
[Result "1/2-1/2"]
[WhiteElo "2004"]
[BlackElo "2432"]
[PlyCount "99"]
[EventDate "2022.02.01"]
[EventType "swiss (blitz)"]
[EventRounds "11"]
[EventCountry "USA"]
[SourceTitle "CBM 206 Extra"]
[Source "ChessBase"]
[SourceDate "2022.03.31"]
[SourceVersion "1"]
[SourceVersionDate "2022.03.31"]
[SourceQuality "1"]

1. d4 d6 2. Nf3 Bg4 3. e4 Nf6 4. Nc3 e6 5. h3 Bxf3 6. Qxf3 d5 7. Bd3 Be7 8. Bf4 Nc6 9. exd5 exd5 10. Ne2 Nb4 11. 0-0 0-0 12. c3 Nxd3 13. Qxd3 Ne4 14. Ng3 f5 15. c4 c6 16. cxd5 Nxg3 17. Qxg3 Qxd5 18. Rfd1 Bf6 19. Be5 Rae8 20. Bxf6 Rxf6 21. Re1 Rfe6 22. Qc3 h6 23. Rxe6 Qxe6 24. Qb4 Re7 25. a3 Kh7 26. Rd1 Rd7 27. Qc3 Qd5 28. b4 Re7 29. Qc5 Qb3 30. Qxf5+ Kg8 31. Qc8+ Kh7 32. Qf5+ g6 33. Qf3 Qxf3 34. gxf3 Kg7 35. Kg2 Kf6 36. Rd3 Kf5 37. Kg3 a6 38. Rd1 Rd7 39. h4 Ke6 40. Kf4 Kd5 41. Rg1 Rf7+ 42. Ke3 Rf6 43. Rg4 Re6+ 44. Re4 Rf6 45. Re7 b6 46. Ra7 Re6+ 47. Kd3 Rf6 48. Ke3 Re6+ 49. Kd3 Rf6 50. Ke3 1/2-1/2

[Event "Titled Tuesday intern op 25th Jan"]
[Site "Chess.com INT"]
[Date "2022.01.25"]
[Round "5"]
[White "Piesik, Piotr"]
[Black "Zotova, Anastasia"]
[Result "1-0"]
[WhiteElo "2407"]
[BlackElo "2004"]
[PlyCount "59"]
[EventDate "2022.01.25"]
[EventType "swiss (blitz)"]
[EventRounds "11"]
[EventCountry "USA"]
[SourceTitle "CBM 206 Extra"]
[Source "ChessBase"]
[SourceDate "2022.03.31"]
[SourceVersion "1"]
[SourceVersionDate "2022.03.31"]
[SourceQuality "1"]

1. Nf3 b6 2. g3 Bb7 3. Bg2 c5 4. 0-0 d6 5. c4 Nd7 6. Nc3 e6 7. d3 Be7 8. e4 Ngf6 9. Ne1 0-0 10. e5 Bxg2 11. exf6 Bxf1 12. fxe7 Qxe7 13. Kxf1 Ne5 14. f4 Ng6 15. Nf3 Qf6 16. Ne4 Qf5 17. Nxd6 Qh3+ 18. Kg1 Rfd8 19. Nxf7 Rd7 20. N7e5 Nxe5 21. Nxe5 Rd6 22. Be3 Rad8 23. Qf3 h5 24. Rf1 h4 25. g4 Qxf3 26. Rxf3 a6 27. Bf2 b5 28. Bxh4 Rb8 29. Be7 Rdb6 30. Nd7 1-0

[Event "Titled Tuesday intern op 25th Jan"]
[Site "Chess.com INT"]
[Date "2022.01.25"]
[Round "3"]
[White "Zotova, Anastasia"]
[Black "Postnikov, Daniil"]
[Result "0-1"]
[WhiteElo "2004"]
[BlackElo "2360"]
[PlyCount "70"]
[EventDate "2022.01.25"]
[EventType "swiss (blitz)"]
[EventRounds "11"]
[EventCountry "USA"]
[SourceTitle "CBM 206 Extra"]
[Source "ChessBase"]
[SourceDate "2022.03.31"]
[SourceVersion "1"]
[SourceVersionDate "2022.03.31"]
[SourceQuality "1"]

1. e4 e6 2. Nf3 d5 3. exd5 exd5 4. d4 Nf6 5. Bd3 c5 6. dxc5 Bxc5 7. 0-0 0-0 8. Bg5 Nc6 9. Nc3 Be6 10. Ne2 h6 11. Bh4 g5 12. Bg3 Ne4 13. c3 f5 14. Be5 Nxe5 15. Nxe5 Qb6 16. Bxe4 dxe4 17. Qc2 Bd6 18. Ng4 fxg4 19. Qxe4 Kg7 20. Nd4 Rae8 21. Rfe1 Bd7 22. Qd5 Rxe1+ 23. Rxe1 Rf7 24. b3 Qc7 25. g3 Bc5 26. b4 Bxd4 27. Qxd4+ Kg8 28. c4 Qb6 29. c5 Qf6 30. Qe3 Bc6 31. Rd1 Qf3 32. Rd8+ Kh7 33. Qd3+ Qxd3 34. Rxd3 Re7 35. Kf1 Bb5 0-1

[Event "Titled Tuesday intern op 18th Jan"]
[Site "Chess.com INT"]
[Date "2022.01.18"]
[Round "8"]
[White "Risteski, Emil"]
[Black "Zotova, Anastasia"]
[Result "0-1"]
[WhiteElo "2363"]
[BlackElo "2004"]
[PlyCount "84"]
[EventDate "2022.01.18"]
[EventType "swiss (blitz)"]
[EventRounds "11"]
[EventCountry "USA"]
[SourceTitle "CBM 206 Extra"]
[Source "ChessBase"]
[SourceDate "2022.03.31"]
[SourceVersion "1"]
[SourceVersionDate "2022.03.31"]
[SourceQuality "1"]

1. e4 c5 2. Be2 d6 3. d3 g6 4. f4 Bg7 5. Nf3 Nc6 6. 0-0 e6 7. Qe1 Nge7 8. Kh1 b5 9. c3 a5 10. Na3 b4 11. Nc2 Rb8 12. Be3 Qc7 13. d4 bxc3 14. bxc3 Rb2 15. Na3 cxd4 16. cxd4 0-0 17. Nb5 Qb8 18. a4 Ba6 19. Rb1 Rxb1 20. Qxb1 Nb4 21. Rc1 d5 22. e5 Nf5 23. Bd2 Bh6 24. g4 Ne7 25. g5 Bg7 26. Bxb4 axb4 27. Qxb4 Nf5 28. Qa5 Rc8 29. Rxc8+ Qxc8 30. Qc3 Qb7 31. Kg2 Bf8 32. Kf2 Qb6 33. Qc7 Qxc7 34. Nxc7 Bxe2 35. Kxe2 Ne7 36. Nb5 Nc6 37. Kd3 Bb4 38. Nc3 Kf8 39. Na2 Ba5 40. Ng1 Nxd4 41. h4 Nb3 42. Nf3 Nc5+ 0-1

[Event "Titled Tuesday intern op 18th Jan"]
[Site "Chess.com INT"]
[Date "2022.01.18"]
[Round "11"]
[White "Zotova, Anastasia"]
[Black "Martin Duque, Jesus"]
[Result "1-0"]
[WhiteElo "2004"]
[BlackElo "2406"]
[PlyCount "101"]
[EventDate "2022.01.18"]
[EventType "swiss (blitz)"]
[EventRounds "11"]
[EventCountry "USA"]
[SourceTitle "CBM 206 Extra"]
[Source "ChessBase"]
[SourceDate "2022.03.31"]
[SourceVersion "1"]
[SourceVersionDate "2022.03.31"]
[SourceQuality "1"]

1. d4 Nf6 2. c4 e6 3. Nc3 c5 4. d5 d6 5. e4 g6 6. h3 Bg7 7. Nf3 exd5 8. exd5 0-0 9. Bd3 Re8+ 10. Be3 Na6 11. 0-0 Nc7 12. Qd2 a6 13. a4 Rb8 14. Rfe1 Bd7 15. Bf4 Rxe1+ 16. Rxe1 Nfe8 17. Ne4 Bxa4 18. Bh6 Bh8 19. Qf4 Bd7 20. b3 Bf5 21. Nfg5 b5 22. g4 Be5 23. Qf3 f6 24. gxf5 fxg5 25. Bxg5 Qd7 26. fxg6 hxg6 27. Ng3 Qf7 28. Qg4 bxc4 29. bxc4 Rb3 30. Be4 Kg7 31. Be3 Nf6 32. Qh4 Bxg3 33. fxg3 Nxe4 34. Qxe4 Ne8 35. Bh6+ Kxh6 36. Qh4+ Kg7 37. Re7 Rb1+ 38. Kg2 Rb2+ 39. Kg1 Nf6 40. Rxf7+ Kxf7 41. Qf4 Rb1+ 42. Kg2 Rb2+ 43. Kg1 Rb1+ 44. Kg2 Rb6 45. h4 a5 46. g4 Rb1 47. g5 Rb2+ 48. Kg1 Rb1+ 49. Kf2 Rb2+ 50. Ke1 Rb1+ 51. Kd2 1-0

[Event "Novi Sad TS Mix 223rd"]
[Site "Novi Sad"]
[Date "2021.11.21"]
[Round "9"]
[White "Zotova, Anastasia"]
[Black "Joel Paul, Ganta"]
[Result "0-1"]
[WhiteElo "2007"]
[BlackElo "1887"]
[PlyCount "62"]
[EventDate "2021.11.16"]
[EventType "swiss"]
[EventRounds "9"]
[EventCountry "SRB"]
[SourceTitle "CBM 205 Extra"]
[Source "ChessBase"]
[SourceDate "2022.01.31"]
[SourceVersion "1"]
[SourceVersionDate "2022.01.31"]
[SourceQuality "1"]

1. e4 d6 2. d4 Nf6 3. Nc3 Nbd7 4. Bc4 e5 5. Nf3 Be7 6. 0-0 c6 7. a4 Qc7 8. Re1 h6 9. h3 g5 10. a5 Nf8 11. d5 Ng6 12. Bb3 a6 13. dxc6 bxc6 14. Be3 g4 15. hxg4 Bxg4 16. Bb6 Qc8 17. Re3 Nh4 18. Kf1 Rg8 19. Rd3 Nxg2 20. Rxd6 Nh4 21. Rxc6 Bh3+ 22. Ke1 Qxc6 23. Ba4 Qxa4 24. Rxa4 Bg4 25. Qd3 Bxf3 26. Qc4 Rg1+ 27. Kd2 Kf8 28. Qc6 Re8 29. Ne2 Rg6 30. Qb7 Nxe4+ 31. Rxe4 f5 0-1

[Event "Nezhmetdinov Memorial 43rd"]
[Site "Kazan"]
[Date "2021.05.30"]
[Round "2"]
[White "Zotova, Anastasia"]
[Black "Pridorozhni, Aleksei"]
[Result "0-1"]
[WhiteElo "2160"]
[BlackElo "2555"]
[PlyCount "112"]
[EventDate "2021.05.29"]
[EventType "swiss"]
[EventRounds "9"]
[EventCountry "RUS"]
[SourceTitle "CBM 203 Extra"]
[Source "ChessBase"]
[SourceDate "2021.09.30"]
[SourceVersion "1"]
[SourceVersionDate "2021.09.30"]
[SourceQuality "1"]

1. e4 c6 2. d4 d5 3. Nc3 dxe4 4. Nxe4 Nd7 5. Nf3 Ngf6 6. Nxf6+ Nxf6 7. Bd3 Bg4 8. c3 e6 9. 0-0 Qd5 10. Be2 Be7 11. Ne5 Bxe2 12. Qxe2 0-0 13. Bg5 h6 14. c4 Qd6 15. Be3 c5 16. Rfd1 Rfd8 17. Ng4 cxd4 18. Bxd4 Qf4 19. Nxf6+ Bxf6 20. Bxf6 Qxf6 21. b3 g6 22. g3 h5 23. h4 b6 24. Rxd8+ Rxd8 25. Rd1 Rd4 26. Rxd4 Qxd4 27. Kg2 e5 28. Qf3 Kg7 29. Qe3 Qd6 30. Qe4 a5 31. Kf3 f5 32. Qb7+ Kf6 33. Qc8 e4+ 34. Kg2 Ke5 35. Qh8+ Qf6 36. Qb8+ Kd4 37. Qf4 Kc3 38. Qc1+ Kb4 39. c5 bxc5 40. Qc4+ Ka3 41. Qxc5+ Kxa2 42. Qxa5+ Kxb3 43. Qb5+ Kc2 44. Qe2+ Kc3 45. Qe3+ Kc4 46. Qe2+ Kc5 47. Qe3+ Kc6 48. Qa3 Qd6 49. Qa8+ Kb5 50. Qb7+ Kc4 51. Qf7+ Qd5 52. Qc7+ Kd3 53. Kg1 Ke2 54. Qf4 Qd1+ 55. Kh2 Kf1 56. Qe3 Qf3 0-1

[Event "RUS-ch U20 Girls"]
[Site "Loo"]
[Date "2021.04.24"]
[Round "4"]
[White "Filippova, Darya"]
[Black "Zotova, Anastasia"]
[Result "1-0"]
[WhiteElo "1915"]
[BlackElo "2160"]
[PlyCount "57"]
[EventDate "2021.04.21"]
[EventType "swiss"]
[EventRounds "9"]
[EventCountry "RUS"]
[SourceTitle "CBM 202 Extra"]
[Source "ChessBase"]
[SourceDate "2021.07.31"]
[SourceVersion "1"]
[SourceVersionDate "2021.07.31"]
[SourceQuality "1"]

1. c4 c5 2. Nc3 Nc6 3. g3 g6 4. Bg2 Bg7 5. e3 e5 6. Nge2 Nge7 7. d3 0-0 8. 0-0 d6 9. Nd5 Be6 10. Nec3 Rb8 11. Bd2 a6 12. a4 Bxd5 13. Nxd5 Nxd5 14. cxd5 Ne7 15. b4 e4 16. dxe4 Bxa1 17. Qxa1 f6 18. Bc3 Kg7 19. bxc5 dxc5 20. e5 Nf5 21. exf6+ Kf7 22. e4 Nd4 23. Bxd4 cxd4 24. e5 Qb6 25. Rb1 Qc5 26. Rc1 Qb4 27. Rc7+ Ke8 28. Qc1 Kd8 29. Bh3 1-0

[Event "St Petersburg Korchnoi Memorial op"]
[Site "St Petersburg"]
[Date "2019.08.21"]
[Round "8"]
[White "Andreev, Konstantin"]
[Black "Zotova, Anastasia"]
[Result "1/2-1/2"]
[WhiteElo "2271"]
[BlackElo "2109"]
[PlyCount "43"]
[EventDate "2019.08.14"]
[EventType "swiss"]
[EventRounds "9"]
[EventCountry "RUS"]
[SourceTitle "CBM 192"]
[Source "ChessBase"]
[SourceDate "2019.10.31"]
[SourceVersion "1"]
[SourceVersionDate "2019.10.31"]
[SourceQuality "1"]

1. e4 c5 2. Nf3 d6 3. d4 cxd4 4. Nxd4 Nf6 5. Nc3 a6 6. Bg5 Nbd7 7. f4 Qc7 8. Qf3 b5 9. 0-0-0 Bb7 10. Bd3 g6 11. Bxf6 Nxf6 12. g4 Bg7 13. Nb3 b4 14. Nd5 Nxd5 15. exd5 0-0 16. h4 a5 17. h5 a4 18. Nd2 a3 19. b3 Qc3 20. Nc4 Qa1+ 21. Kd2 Qc3+ 22. Kc1 1/2-1/2

[Event "Moscow-ch final (Women)"]
[Site "Moscow"]
[Date "2019.04.06"]
[Round "8"]
[White "Mirzoeva, Elmira"]
[Black "Zotova, Anastasia"]
[Result "1-0"]
[WhiteElo "2281"]
[BlackElo "2148"]
[PlyCount "91"]
[EventDate "2019.03.30"]
[EventType "swiss"]
[EventRounds "9"]
[EventCountry "RUS"]
[SourceTitle "CBM 189 Extra"]
[Source "ChessBase"]
[SourceDate "2019.05.31"]
[SourceVersion "1"]
[SourceVersionDate "2019.05.31"]
[SourceQuality "1"]

1. d4 Nf6 2. Nf3 g6 3. Nbd2 d5 4. e3 Bg7 5. b4 0-0 6. c4 Nbd7 7. Be2 Re8 8. Bb2 b6 9. 0-0 c5 10. dxc5 bxc5 11. b5 Bb7 12. a4 e5 13. cxd5 e4 14. Ng5 h6 15. Nh3 Nxd5 16. Bxg7 Kxg7 17. Qc2 Qe7 18. Rac1 Rac8 19. Rfd1 Kh7 20. a5 f5 21. Nc4 Ne5 22. Qb2 g5 23. Nxe5 Qxe5 24. Qxe5 Rxe5 25. Bc4 Rc7 26. Kf1 Kg6 27. g3 Kf6 28. Rd2 Ke7 29. Ng1 f4 30. exf4 gxf4 31. gxf4 Nxf4 32. Ne2 Nh3 33. Nc3 Rg5 34. Re1 Rd7 35. Rxd7+ Kxd7 36. Re3 Rg1+ 37. Ke2 Nf4+ 38. Kd2 Ng2 39. Rg3 e3+ 40. fxe3 Ra1 41. a6 Ba8 42. Rg7+ Kd6 43. Rxa7 Bf3 44. b6 Bc6 45. b7 Kc7 46. Ra8 1-0

[Event "Moscow-ch final (Women)"]
[Site "Moscow"]
[Date "2019.03.30"]
[Round "1"]
[White "Zotova, Anastasia"]
[Black "Chagina, Ulyana"]
[Result "1-0"]
[WhiteElo "2148"]
[BlackElo "1739"]
[PlyCount "65"]
[EventDate "2019.03.30"]
[EventType "swiss"]
[EventRounds "9"]
[EventCountry "RUS"]
[SourceTitle "CBM 189 Extra"]
[Source "ChessBase"]
[SourceDate "2019.05.31"]
[SourceVersion "1"]
[SourceVersionDate "2019.05.31"]
[SourceQuality "1"]

1. e4 e6 2. d4 d5 3. Nc3 Nf6 4. e5 Nfd7 5. f4 c5 6. Nf3 Nc6 7. Be3 Be7 8. Qd2 a6 9. dxc5 Nxc5 10. Nd4 Nxd4 11. Bxd4 b5 12. a3 Bb7 13. Be2 Rc8 14. Rd1 Bh4+ 15. g3 Be7 16. Qe3 0-0 17. Rf1 Qd7 18. b4 Na4 19. Nxa4 bxa4 20. Bd3 f5 21. exf6 Bxf6 22. Kf2 Rce8 23. Kg1 Bc6 24. Bxa6 Bb5 25. Bxb5 Qxb5 26. Bc5 Rf7 27. Rfe1 Qc6 28. Qd3 Bd8 29. c4 Bc7 30. cxd5 exd5 31. Qxd5 Rxe1+ 32. Rxe1 Qb5 33. Re7 1-0